00236nam a2200109Ia 4500008004100000041001200041082001100053100001200064245003700076260000600113650000700119221030s9999 xx 000 0 und d aEnglish a105.23 aJ. Dean 0aManagerial Economicscby J. Dean c0 aMb